000 00316nam a2200133Ia 4500
005 20251222144728.0
008 251222s9999||||xx |||||||||||||| ||spa||
020 _a9972-9565-0-4
082 _a850/D35
100 _aD'Angelo, Biagio
245 0 _aMiradas Cruzadas:
264 _bFondo Editorial UCSS
942 _cLIB
999 _c18483
_d18483